Cross-curricular primary practice : talking a leadership role

Αποθηκεύτηκε σε:
Λεπτομέρειες βιβλιογραφικής εγγραφής
Άλλοι συγγραφείς: Webb, Rosemary (Επιμελητής έκδοσης)
Μορφή: Βιβλίο
Γλώσσα:English
Δημοσίευση: London : The Falmer Press, 1996
Θέματα:
Ετικέτες: Προσθήκη ετικέτας
Δεν υπάρχουν, Καταχωρήστε ετικέτα πρώτοι!

MARC

LEADER 00000nam a2200000 i 4500
001 1/93968
008 991123s1996 eng d
020 |a 0-7507-0492-6 
035 |l 10054617 
040 |a GR-MY-UA  |b gre  |e aacr 
041 0 |a eng 
082 0 |a 372.190941 
245 1 0 |a Cross-curricular primary practice :  |b talking a leadership role /  |c edited by Rosemary Webb 
260 |a London :   |b The Falmer Press,   |c 1996 
300 |a 176 p. 
650 0 0 |a Education, Elementary  |z Great Britain  |x Curricula. 
650 0 0 |a Interdisciplinary approach in education  |z Great Britain. 
650 0 0 |a Curriculum planning  |z Great Britain. 
650 0 0 |a School management and organization  |z Great Britain. 
700 1 |a Webb, Rosemary.  |4 edt 
852 |a INST  |b RHODES  |e 19991123  |h 372.190941 CRO  |p 005400012752  |q 005400012752  |t BK  |y 0 
852 |a INST  |b RHODES  |e 19991207  |h 372.190941 CRO  |p 005400014204  |q 005400014204  |t BK  |y 0 
901 |a BIBL4-1999-3 
909 |a Ρ  |b 069937 
909 |a Ρ  |b 069313 
922 |a 4ΕΛΗ  |b 199910  |c ΚΠΣ/154  |d GLORY BOOKS 
970 |a ΚΟΥΛΑΚΙΟΤΗ  |b ΛΙΤΣΑ  |z 1999/11/23